000 00258nam a2200121Ia 4500
100 _aBittel/ Lister.R
942 _cBK
654 _aException
245 _aManagement by Exception
260 _bTata Mc Graw hill
_c2001
300 _a320
546 _aENGLISH
999 _c24796
_d24796